<?xml version="1.0" encoding="UTF-8"?>
<record
    xmlns:xsi="http://www.w3.org/2001/XMLSchema-instance"
    xsi:schemaLocation="http://www.loc.gov/MARC21/slim http://www.loc.gov/standards/marcxml/schema/MARC21slim.xsd"
    xmlns="http://www.loc.gov/MARC21/slim">

  <leader>02051nam a2200277 a 4500</leader>
  <controlfield tag="003">BD-RjUL</controlfield>
  <controlfield tag="005">20230205141502.0</controlfield>
  <controlfield tag="008">230202s2021    bg a|||| |||| 00| 0 ben d</controlfield>
  <datafield tag="035" ind1=" " ind2=" ">
    <subfield code="a">(BD-RjUL)</subfield>
  </datafield>
  <datafield tag="040" ind1=" " ind2=" ">
    <subfield code="a">BD-RjUL</subfield>
    <subfield code="b">ben/eng</subfield>
    <subfield code="c">BD-RjUL</subfield>
    <subfield code="d">BD-RjUL</subfield>
  </datafield>
  <datafield tag="041" ind1=" " ind2=" ">
    <subfield code="a">ben</subfield>
  </datafield>
  <datafield tag="082" ind1=" " ind2=" ">
    <subfield code="2">23</subfield>
    <subfield code="a">070.44974167</subfield>
    <subfield code="b">SUB 2021</subfield>
  </datafield>
  <datafield tag="100" ind1=" " ind2=" ">
    <subfield code="a">&#x9B8;&#x9C2;&#x9A4;&#x9BE;&#x9B0;, &#x9B8;&#x9C1;&#x9AD;&#x9BE;&#x9B7; &#x99A;&#x9A8;&#x9CD;&#x9A6;&#x9CD;&#x9B0;</subfield>
    <subfield code="9">6822</subfield>
  </datafield>
  <datafield tag="245" ind1="1" ind2="0">
    <subfield code="a">&#x9AC;&#x9BE;&#x982;&#x9B2;&#x9BE;&#x9A6;&#x9C7;&#x9B6;&#x9C7;&#x9B0; &#x9B8;&#x982;&#x9AC;&#x9BE;&#x9A6;&#x9AA;&#x9A4;&#x9CD;&#x9B0;&#x9C7;&#x9B0; &#x9AC;&#x9BF;&#x99C;&#x9CD;&#x99E;&#x9BE;&#x9AA;&#x9A8;&#x99A;&#x9BF;&#x9A4;&#x9CD;&#x9B0;&#x9CD;&#x9B0;&#x9C7; &#x9AE;&#x9C1;&#x995;&#x9CD;&#x9A4;&#x9BF;&#x9AF;&#x9C1;&#x9A6;&#x9CD;&#x9A7; &#x9AA;&#x9CD;&#x9B0;&#x9B8;&#x999;&#x9CD;&#x997; :</subfield>
    <subfield code="b">&#x989;&#x9AA;&#x9B8;&#x9CD;&#x9A5;&#x9BE;&#x9AA;&#x9A8;&#x9C7;&#x9B0; &#x9A7;&#x9B0;&#x9A3; &#x993; &#x9B6;&#x9C8;&#x9B2;&#x9C0; /</subfield>
    <subfield code="c">&#x9B8;&#x9C1;&#x9AD;&#x9BE;&#x9B7; &#x99A;&#x9A8;&#x9CD;&#x9A6;&#x9CD;&#x9B0; &#x9B8;&#x9C2;&#x9A4;&#x9BE;&#x9B0;, </subfield>
  </datafield>
  <datafield tag="246" ind1=" " ind2=" ">
    <subfield code="a">&#x9AC;&#x9BF;&#x9AE;&#x995; &#x997;&#x9AC;&#x9C7;&#x9B7;&#x9A3;&#x9BE; &#x9AE;&#x99E;&#x9CD;&#x99C;&#x9C1;&#x9B0;&#x9C0; &#x9AA;&#x9CD;&#x9B0;&#x995;&#x9B2;&#x9CD;&#x9AA;&#x9C7;&#x9B0; &#x99A;&#x9C2;&#x9A1;&#x9BC;&#x9BE;&#x9A8;&#x9CD;&#x9A4; &#x9AA;&#x9CD;&#x9B0;&#x9A4;&#x9BF;&#x9AC;&#x9C7;&#x9A6;&#x9A8;:</subfield>
    <subfield code="b">&#x9AC;&#x9BE;&#x982;&#x9B2;&#x9BE;&#x9A6;&#x9C7;&#x9B6;&#x9C7;&#x9B0; &#x9B8;&#x982;&#x9AC;&#x9BE;&#x9A6;&#x9AA;&#x9A4;&#x9CD;&#x9B0;&#x9C7;&#x9B0; &#x9AC;&#x9BF;&#x99C;&#x9CD;&#x99E;&#x9BE;&#x9AA;&#x9A8;&#x99A;&#x9BF;&#x9A4;&#x9CD;&#x9B0;&#x9CD;&#x9B0;&#x9C7; &#x9AE;&#x9C1;&#x995;&#x9CD;&#x9A4;&#x9BF;&#x9AF;&#x9C1;&#x9A6;&#x9CD;&#x9A7; &#x9AA;&#x9CD;&#x9B0;&#x9B8;&#x999;&#x9CD;&#x997; : &#x989;&#x9AA;&#x9B8;&#x9CD;&#x9A5;&#x9BE;&#x9AA;&#x9A8;&#x9C7;&#x9B0; &#x9A7;&#x9B0;&#x9A3; &#x993; &#x9B6;&#x9C8;&#x9B2;&#x9C0; = Liberation Issues in the Ad Art of Bangladesh Newspaper: Classification and Style of Presentation</subfield>
  </datafield>
  <datafield tag="260" ind1=" " ind2=" ">
    <subfield code="a">&#x9B0;&#x9BE;&#x99C;&#x9B6;&#x9BE;&#x9B9;&#x9C0;:</subfield>
    <subfield code="b">&#x997;&#x9CD;&#x9B0;&#x9BE;&#x9AB;&#x9BF;&#x995; &#x9A1;&#x9BF;&#x99C;&#x9BE;&#x987;&#x9A8;, &#x995;&#x9BE;&#x9B0;&#x9C1;&#x9B6;&#x9BF;&#x9B2;&#x9CD;&#x9AA; &#x993; &#x9B6;&#x9BF;&#x9B2;&#x9CD;&#x9AA;&#x995;&#x9B2;&#x9BE;&#x9B0; &#x987;&#x9A4;&#x9BF;&#x9B9;&#x9BE;&#x9B8; &#x9AC;&#x9BF;&#x9AD;&#x9BE;&#x997;, &#x9B0;&#x9BE;. &#x9AC;&#x9BF;.</subfield>
    <subfield code="c">&#x9E8;&#x9E6;&#x9E8;&#x9E7;</subfield>
  </datafield>
  <datafield tag="300" ind1=" " ind2=" ">
    <subfield code="a">iii, &#x9E7;&#x9EF;&#x9E9; &#x9AA;&#x9BE;&#x9A4;&#x9BE;:</subfield>
    <subfield code="b">&#x99A;&#x9BF;&#x9A4;&#x9CD;&#x9B0;;</subfield>
    <subfield code="c">&#x9E8;&#x9EF; &#x9B8;&#x9C7;&#x9AE;&#x9BF;'</subfield>
  </datafield>
  <datafield tag="500" ind1=" " ind2=" ">
    <subfield code="a"> "&#x9AC;&#x9BF;&#x9AE;&#x995; &#x997;&#x9AC;&#x9C7;&#x9B7;&#x9A3;&#x9BE; &#x9AE;&#x99E;&#x9CD;&#x99C;&#x9C1;&#x9B0;&#x9C0; &#x9AA;&#x9CD;&#x9B0;&#x995;&#x9B2;&#x9CD;&#x9AA;&#x9C7;&#x9B0; &#x99A;&#x9C2;&#x9A1;&#x9BC;&#x9BE;&#x9A8;&#x9CD;&#x9A4; &#x9AA;&#x9CD;&#x9B0;&#x9A4;&#x9BF;&#x9AC;&#x9C7;&#x9A6;&#x9A8;"</subfield>
  </datafield>
  <datafield tag="504" ind1=" " ind2=" ">
    <subfield code="a">&#x9B8;&#x9B9;&#x9BE;&#x9AF;&#x9BC;&#x995; &#x997;&#x9CD;&#x9B0;&#x9A8;&#x9CD;&#x9A5;&#x9AA;&#x99E;&#x9CD;&#x99C;&#x9BF;: &#x9AA;&#x9BE;&#x9A4;&#x9BE; &#x9E7;&#x9EF;&#x9E8;-&#x9E7;&#x9EF;&#x9E9;</subfield>
  </datafield>
  <datafield tag="600" ind1=" " ind2=" ">
    <subfield code="y"> 	  </subfield>
  </datafield>
  <datafield tag="650" ind1=" " ind2=" ">
    <subfield code="a">&#x9AC;&#x9BF;&#x99C;&#x9CD;&#x99E;&#x9BE;&#x9AA;&#x9A8;&#x99A;&#x9BF;&#x9A4;&#x9CD;&#x9B0;&#x9CD;&#x9B0;</subfield>
    <subfield code="z">&#x9AC;&#x9BE;&#x982;&#x9B2;&#x9BE;&#x9A6;&#x9C7;&#x9B6;</subfield>
    <subfield code="9">6834</subfield>
  </datafield>
  <datafield tag="650" ind1=" " ind2=" ">
    <subfield code="a">Ad Art</subfield>
    <subfield code="z">Bangladesh </subfield>
    <subfield code="9">6835</subfield>
  </datafield>
  <datafield tag="651" ind1=" " ind2=" ">
    <subfield code="a">&#x9AC;&#x9BE;&#x982;&#x9B2;&#x9BE;&#x9A6;&#x9C7;&#x9B6;</subfield>
    <subfield code="x">&#x987;&#x9A4;&#x9BF;&#x9B9;&#x9BE;&#x9B8;</subfield>
    <subfield code="x">&#x9AE;&#x9C1;&#x995;&#x9CD;&#x9A4;&#x9BF;&#x9AF;&#x9C1;&#x9A6;&#x9CD;&#x9A7;</subfield>
    <subfield code="9">6836</subfield>
  </datafield>
  <datafield tag="651" ind1=" " ind2=" ">
    <subfield code="a">Bangladesh</subfield>
    <subfield code="x">History</subfield>
    <subfield code="x">Liberaration War</subfield>
    <subfield code="9">6837</subfield>
  </datafield>
  <datafield tag="942" ind1=" " ind2=" ">
    <subfield code="2">ddc</subfield>
    <subfield code="c">DOC</subfield>
  </datafield>
  <datafield tag="999" ind1=" " ind2=" ">
    <subfield code="c">81165</subfield>
    <subfield code="d">81165</subfield>
  </datafield>
  <datafield tag="952" ind1=" " ind2=" ">
    <subfield code="0">0</subfield>
    <subfield code="1">0</subfield>
    <subfield code="2">ddc</subfield>
    <subfield code="4">0</subfield>
    <subfield code="7">1</subfield>
    <subfield code="8">NFIC</subfield>
    <subfield code="a">RUCL</subfield>
    <subfield code="b">RUCL</subfield>
    <subfield code="c">Doc/The</subfield>
    <subfield code="d">2021-12-26</subfield>
    <subfield code="e">Controller of Exam. ,  R.U.</subfield>
    <subfield code="l">0</subfield>
    <subfield code="o">BDOC 070.44974167 SUB 2021</subfield>
    <subfield code="r">2023-02-02 00:00:00</subfield>
    <subfield code="t">C-1</subfield>
    <subfield code="w">2023-02-02</subfield>
    <subfield code="y">DOC</subfield>
  </datafield>
</record>
